000
00321nam a22001457a 4500
008
210521b ||||| |||| 00| 0 eng d
020
_a
0801636817
041
_a
eng
080
_a
617
082
_a
617
100
_a
8
101
_a
OFT
245
_a
Symposium Neuro-Ophthalmology
_c
Ronald M. Burde
942
_2
udc
_c
BK
999
_c
57577
_d
57577